00598nam a2200193Ia 4500008004100000020001300041082001600054100002100070245003500091250000800126260003800134300002800172500001900200600002700219650001500246942000700261952012100268999001500389240925s9999 xx 000 0 und d a63636298 a624.171 KEN aKennedy ,John B. 0aElastic Analysis of Structures a1st aLondon:bHamish Hamiltionc,1990. axiv,351p.bNAfOriginal aIncludes Index aElectronic Engineering aTechnology cBK 011040708ELaUITUbUITUd1997-11-19eUIT Fruit Canadal0o624.171 KENpQ1267r2024-09-25 07:12:22w2024-09-25yBK c3766d3766